| 000 | 00473nam a2200181Ia 4500 | ||
|---|---|---|---|
| 008 | 240925s9999 xx 000 0 und d | ||
| 020 | _a9780070700710 | ||
| 082 | _a330 CHA | ||
| 100 | _aChaudhuri, Sudip | ||
| 245 | 0 | _aEconomics | |
| 250 | _a19th | ||
| 260 |
_aNew Delhi: _bMcGraw Hill Education (India) Private Limited _c,2010. |
||
| 300 |
_a634p. _b0 _fOriginal |
||
| 500 | _aIncludes Index | ||
| 600 | _aSocial Sciences | ||
| 650 | _aSocial Sciences | ||
| 942 | _cBK | ||
| 999 |
_c15540 _d15540 |
||